<?xml version="1.0" encoding="UTF-8"?>
<record
    xmlns:xsi="http://www.w3.org/2001/XMLSchema-instance"
    xsi:schemaLocation="http://www.loc.gov/MARC21/slim http://www.loc.gov/standards/marcxml/schema/MARC21slim.xsd"
    xmlns="http://www.loc.gov/MARC21/slim">

  <leader>01443cam a2200289 i 4500</leader>
  <controlfield tag="001">normy</controlfield>
  <controlfield tag="003">BPK</controlfield>
  <controlfield tag="005">20141021090813.0</controlfield>
  <controlfield tag="008">121231s2013    pl a   f u   |000 0 pol d</controlfield>
  <datafield tag="020" ind1=" " ind2=" ">
    <subfield code="a">978-83-275-1895-8</subfield>
  </datafield>
  <datafield tag="040" ind1=" " ind2=" ">
    <subfield code="c">BPK</subfield>
  </datafield>
  <datafield tag="041" ind1=" " ind2=" ">
    <subfield code="a">pol</subfield>
  </datafield>
  <datafield tag="084" ind1=" " ind2=" ">
    <subfield code="a">ICS 79.040</subfield>
  </datafield>
  <datafield tag="245" ind1="0" ind2="0">
    <subfield code="a">Tarcica  konstrukcyjna iglasta sortowana metodami wytrzyma&#x142;o&#x15B;ciowymi.</subfield>
  </datafield>
  <datafield tag="246" ind1=" " ind2=" ">
    <subfield code="a">PN-D-94021:2013-10</subfield>
  </datafield>
  <datafield tag="250" ind1=" " ind2=" ">
    <subfield code="a">Zatwierdzono: 2013.10.28</subfield>
  </datafield>
  <datafield tag="260" ind1=" " ind2=" ">
    <subfield code="a">Warszawa :</subfield>
    <subfield code="b">Polski Komitet Normalizacyjny,</subfield>
    <subfield code="c">2013.</subfield>
  </datafield>
  <datafield tag="500" ind1=" " ind2=" ">
    <subfield code="a">Zast&#x119;puje : PN-D-94021:1982.</subfield>
  </datafield>
  <datafield tag="520" ind1=" " ind2=" ">
    <subfield code="a">Dotyczy tarcicy konstrukcyjnej iglastej obrzynanej, szorstkiej lub struganej, wyprodukowanej z drewna sosny zwyczajnej (Pinus sylvestris L.), &#x15B;wierka pospolitego (Picea abies (L.) Karst.), modrzewia europejskiego (Larix decidua Mill.), jod&#x142;y pospolitej (Abies alba Mill.) lub daglezji zielonej (Pseudotsuga menziesii (Mirb.) Franco), z przeznaczeniem na no&#x15B;ne konstrukcje drewniane. Podano klasyfikacj&#x119; tarcicy konstrukcyjnej, wymagania dotycz&#x105;ce wilgotno&#x15B;ci, wymiar&#xF3;w, jako&#x15B;ci i oznakowania. Okre&#x15B;lono badania wilgotno&#x15B;ci, wymiar&#xF3;w, mi&#x105;&#x17C;szo&#x15B;ci, cech strukturalnych i geometrycznych.</subfield>
  </datafield>
  <datafield tag="653" ind1=" " ind2=" ">
    <subfield code="a">drewno</subfield>
  </datafield>
  <datafield tag="653" ind1=" " ind2=" ">
    <subfield code="a">tarcica</subfield>
  </datafield>
  <datafield tag="653" ind1=" " ind2=" ">
    <subfield code="a">tarcica iglasta</subfield>
  </datafield>
  <datafield tag="710" ind1="2" ind2=" ">
    <subfield code="a">KT nr 215 ds. Projektowania i Wykonawstwa Konstrukcji z Drewna i z Materia&#x142;&#xF3;w Drewnopochodnych</subfield>
  </datafield>
  <datafield tag="780" ind1=" " ind2=" ">
    <subfield code="t">PN-D-94021:1982</subfield>
  </datafield>
  <datafield tag="942" ind1=" " ind2=" ">
    <subfield code="c">NR</subfield>
  </datafield>
  <datafield tag="952" ind1=" " ind2=" ">
    <subfield code="0">0</subfield>
    <subfield code="1">0</subfield>
    <subfield code="4">0</subfield>
    <subfield code="7">1</subfield>
    <subfield code="a">BPK</subfield>
    <subfield code="b">BPK</subfield>
    <subfield code="c">c</subfield>
    <subfield code="d">2013-11-20</subfield>
    <subfield code="e">KS/049/13</subfield>
    <subfield code="g">92.30</subfield>
    <subfield code="i">PN 286</subfield>
    <subfield code="o">PN-D-94021</subfield>
    <subfield code="p">02551418</subfield>
    <subfield code="v">92.30</subfield>
    <subfield code="w">2023-02-11</subfield>
    <subfield code="y">NR</subfield>
  </datafield>
  <datafield tag="998" ind1=" " ind2=" ">
    <subfield code="c">eg</subfield>
    <subfield code="d">2008.07.21</subfield>
  </datafield>
  <datafield tag="999" ind1=" " ind2=" ">
    <subfield code="c">73171</subfield>
    <subfield code="d">73171</subfield>
  </datafield>
  <datafield tag="856" ind1=" " ind2=" ">
    <subfield code="u">http://koha.tu.koszalin.pl/cgi-bin/koha/opac-detail.pl?biblionumber=73171</subfield>
    <subfield code="y">Katalog online BPK</subfield>
  </datafield>
</record>
